Discos and democracy : China in the throes of reform /

Bibliographic Details
Main Author: Schell, Orville
Format: Book
Language:English
Published: New York : Pantheon Books, [1988]
Edition:1st ed.
Subjects:

MARC

Tag First Indicator Second Indicator Subfields
LEADER 00000cam a22000008a 4500
001 in00000031210
005 20151007060331.0
008 880202s1988 nyu b 00010 eng
010 |a  87046068  
020 |z 039356829X 
035 |a (OCoLC)17506674 
035 |9 AAC0600AM 
040 |a DLC  |c DLC  |d TXA  |d UtOrBLW 
043 |a a-cc--- 
049 |a TXAM  |c [A10937337] 
050 0 0 |a DS779.26  |b .S34 1988 
082 0 |a 951.05  |2 19 
100 1 |a Schell, Orville. 
245 1 0 |a Discos and democracy :  |b China in the throes of reform /  |c Orville Schell. 
250 |a 1st ed. 
263 |a 8806 
264 1 |a New York :  |b Pantheon Books,  |c [1988] 
264 4 |c ©1988 
300 |a x, 384 pages 
336 |a text  |b txt  |2 rdacontent 
337 |a unmediated  |b n  |2 rdamedia 
338 |a volume  |b nc  |2 rdacarrier 
504 |a Bibliography: pages [383]-384. 
651 0 |a China  |x Politics and government  |y 1976-2002. 
999 |a MARS 
999 f f |s 6fada99d-c9cb-3677-81f6-9b8423329870  |i 405837c0-6733-32f0-84d6-5d58f1c7f424  |t 0 
952 f f |p ric  |a Texas A&M University  |b Rellis Campus  |c Joint Library Facility  |d Remote Storage  |t 0  |e DS779.26 .S34 1988  |h Library of Congress classification  |i unmediated -- volume  |m A14810937337 
998 f f |a DS779.26 .S34 1988  |t 0  |l Remote Storage